000 00999nam a2200241 a 4500
001 BRCA_5234
005 20190320205009.0
008 291110s1979----mx-a######---#000-0#spa-#
020 _a9681700031
041 _aspa
044 _amx
050 4 _aNK7485
_b.L67 1979
100 1 _aLoske, Lothar M.
_913407
245 1 0 _aCronometría
_bdel obelisco al reloj de cuarzo y atómico : tratado histórico cultural y técnico sobre todo el campo de la medida del tiempo y sus instrumentos
_cLothar M. Loske.
260 _aMéxico
_bLibreros Mexicanos
_c1979
300 _a264 p.
_bil. (algunas a color)
_c29 cm.
500 _aIncluye índice cronológico de los descubrimientos e inventos mas importantes en la historia de la cronometría y la relojería y breves nociones de la terminología profesional de cronometría y técnica relojera
500 _aDonación Dr. Héctor Rivero Borrell Vázquez
650 1 4 _aRelojes
_92227
650 1 4 _aCronometría
_913408
902 _aDHR
942 _2lcc
_cB
999 _c4928
_d4928